|
|
|
|
| LEADER |
00690nab a2200169 i 4500 |
| 001 |
misc6340 |
| 005 |
20191106142133.0 |
| 008 |
170607s1937 hu o 0|| hun d |
| 040 |
|
|
|a SZTE Miscellanea Repozitórium
|b hun
|
| 041 |
|
|
|a hun
|
| 100 |
1 |
|
|a Pethő Tibor
|
| 245 |
1 |
2 |
|a A kir. Kúria jogegységi tanácsának 1937. március 9-én kelt 84. számú polgári döntvénye
|h [elektronikus dokumentum] /
|c Pethő Tibor
|
| 260 |
|
|
|c 1937
|
| 300 |
|
|
|a 215a
|
| 490 |
0 |
|
|a Polgári jog : a hazai és külföldi magánjog és hiteljog szemléje
|v 13
|
| 695 |
|
|
|a Kötelmi jog - veszélyes üzem - jogi szabályozás
|
| 856 |
4 |
0 |
|u http://misc.bibl.u-szeged.hu/6340/1/polgari_jog_1937_215a.pdf
|z Dokumentum-elérés
|